| 000 | 00671nam a2200229Ia 4500 | ||
|---|---|---|---|
| 003 | OSt | ||
| 005 | 20230509163415.0 | ||
| 008 | 210423s2013 xx 000 0 und d | ||
| 020 | _a978-0-8153-4188-8 | ||
| 040 | _cAL | ||
| 041 | _aeng | ||
| 082 | _a574.88 KURM | ||
| 100 |
_aKURIYAN( John );KONFORTI(Boyana);WEMMER( David ) _9101671 |
||
| 245 | 4 | _aThe Molecules of Life physical and chemical principles | |
| 260 |
_aNew York _bGarland Science _c2013 |
||
| 300 |
_axxii,1008p _bPB |
||
| 365 |
_b6293 _cINR |
||
| 650 |
_aBiology _9101672 |
||
| 650 |
_aMolecular Biology _9101673 |
||
| 906 | _achemical ; Life ; Molecules ; physical ; principles | ||
| 942 |
_2ddc _cBK |
||
| 999 |
_c165748 _d165748 |
||